許妳一個晴天
| 資料類型: | 圖書 | 書目號: | 50966 |
Leader xxxxxxxxxx 001 __ 102452/8/01 005 __ 20170410105848.806 010 0_ |a978-986-93420-8-7|b平裝|d新臺幣260元 042 __ |anbic 100 __ |a20170410d2016 m y0chiy50 e 101 0_ |achi 102 __ |atw 105 __ |ay z 000ay 200 1_ |a許妳一個晴天|dSunny day|f琉影著 205 __ |a初版 210 __ |a臺北市|c城邦原創出版|a[新北市樹林區]|c高見文化經銷|d2016[民105] 215 0_ |a343面|d21公分 225 12 |a戀小說|v67 510 1_ |aSunny day|zeng 700 _0 |a琉影|4著 681 __ |a857.7|b857 801 _0 |atw|bLibDipper|c20170410|gCCR |